000 00264nam a2200109Ia 4500
008 220204s9999 xx 000 0 und d
082 _a929 A/Z(IND)
_bRAI
100 _aRai, Raghu
245 0 _aIndira Gandhi
260 _aNew Delhi
_bLustre Press
_c1985
942 _cBK
999 _c39058
_d39058